A better me (Record no. 339422)

MARC details
000 -LEADER
fixed length control field 00573nam a2200217Ia 4500
008 - FIXED-LENGTH DATA ELEMENTS--GENERAL INFORMATION
fixed length control field 191130s2007##################000#0#eng##
020 ## - INTERNATIONAL STANDARD BOOK NUMBER
International Standard Book Number 9781845577476
040 ## - CATALOGING SOURCE
Original cataloging agency ACL
Transcribing agency ACL
082 ## - DEWEY DECIMAL CLASSIFICATION NUMBER
Classification number 370.114 BET
245 ## - TITLE STATEMENT
Title A better me
250 ## - EDITION STATEMENT
Edition statement 1st ed
260 ## - PUBLICATION, DISTRIBUTION, ETC.
Place of publication, distribution, etc. New Delhi
Name of publisher, distributor, etc. Sterling Publishers Private Limited
Date of publication, distribution, etc. 2007
300 ## - PHYSICAL DESCRIPTION
Extent un paged : col. ill. ; 28 cm
500 ## - GENERAL NOTE
General note Age:5+
650 ## - SUBJECT ADDED ENTRY--TOPICAL TERM
Topical term or geographic name entry element Children's stories
Topical term or geographic name entry element Habits
Topical term or geographic name entry element Happy reading
990 ## - EQUIVALENCES OR CROSS-REFERENCES [LOCAL, CANADA]
Link information for 9XX fields faba3626ac10000c583d7f437e07f543
991 ## -
-- 131748
Holdings
Withdrawn status Lost status Damaged status Not for loan Home library Current library Date acquired Total Checkouts Full call number Barcode Date last seen Price effective from Koha item type
        Anna Centenary Library Anna Centenary Library 15.10.2020   370.114 BET 226425 15.10.2020 15.10.2020 English Books
        Anna Centenary Library Anna Centenary Library 15.10.2020   370.114 BET 226426 15.10.2020 15.10.2020 English Books

Find us on the map